000 00205nam a2200085Ia 4500
008 170620s9999 xx 000 0 und d
100 _aVenkatachaliah- J.M.N.
245 0 _aTha Indian Penal Cord
260 _bLexis Nexis
260 _c2013
999 _c29711
_d29711